000 00283nam a22001337a 4500
008 170713b xxu||||| |||| 00| 0 eng d
020 _a9781888232042
041 _aeng
080 _a038
100 _a23
101 _aFJA
245 _aCYBER DICTIONARY
_cMORSE,D
942 _2udc
_cBK
999 _c20397
_d20397